Salón de belleza: edición definitiva

I tiakina i:
Ngā taipitopito rārangi puna kōrero
Kaituhi matua: Bellatin, Mario (Author)
Hōputu: Pukapuka
Reo:Pāniora
I whakaputaina: Santiago Penguin Random House 2018
Putanga:1a. ed
Rangatū:Narrativa Hispánica
Ngā marau:
Ngā Tūtohu: Tāpirihia he Tūtohu
Kāore He Tūtohu, Me noho koe te mea tuatahi ki te tūtohu i tēnei pūkete!

MARC

LEADER 00000cam a2200000 a 4500
001 UCC7499
003 CL-VaPUC
005 20210810141253.0
008 190409e20180000cl |||||||||||||||||spa|d
999 |c 374121  |d 374119 
020 |a 9789563840933 
040 |c Pontificia Universidad Católica de Valparaíso 
082 0 4 |a Me863 BEL 2018  |2 21 
100 0 |a Bellatin, Mario  |e author  |9 602135 
245 1 0 |a Salón de belleza: edición definitiva 
250 |a 1a. ed 
260 |a Santiago  |b Penguin Random House   |c 2018 
300 |a 91 p 
490 0 |a Narrativa Hispánica 
583 |a last modification  |c 20190409 14:28:00  |k Rodrigo Vera 
650 0 |a Novelas mexicanas  |9 317570 
650 0 |a Literatura mexicana  |9 313097 
942 |c BK  |2 ddc 
945 |d 20190409 14:28:00  |a dcastane 
952 |0 0  |1 0  |3 erb  |4 0  |6 ME_863_000000000000000_BEL_2018  |7 0  |8 A  |9 492540  |a FDOPOS  |b BIBEDU  |i 5541646  |l 1  |o Me863 BEL 2018  |p 5541646  |q 2024-05-02  |r 2024-04-01  |s 2024-04-01  |w 2019-11-24  |y BK  |z Catalogado en:20190409  |k DLH